Geometry and physics (Record no. 7352)

MARC details
000 -LEADER
fixed length control field 00480 a2200181 4500
001 - CONTROL NUMBER
control field 133020
003 - CONTROL NUMBER IDENTIFIER
control field OSt
005 - DATE AND TIME OF LATEST TRANSACTION
control field 20220404103819.0
008 - FIXED-LENGTH DATA ELEMENTS--GENERAL INFORMATION
fixed length control field
020 ## - INTERNATIONAL STANDARD BOOK NUMBER
International Standard Book Number 9783642005404
082 ## - DEWEY DECIMAL CLASSIFICATION NUMBER
Classification number 530.15636
Item number J79G
100 1# - MAIN ENTRY--PERSONAL NAME
Personal name Jost, Jurgen
245 1# - TITLE STATEMENT
Title Geometry and physics
Statement of responsibility, etc by Jurgen Jost
260 ## - PUBLICATION, DISTRIBUTION, ETC. (IMPRINT)
Place of publication, distribution, etc Heidelberg
Name of publisher, distributor, etc Springer
Date of publication, distribution, etc 2009
300 ## - PHYSICAL DESCRIPTION
Extent 217p.
690 ## - LOCAL SUBJECT ADDED ENTRY--TOPICAL TERM (OCLC, RLIN)
Topical term or geographic name as entry element Mathematical physics; Geometry, Differential; Quantum theory
942 ## - ADDED ENTRY ELEMENTS (KOHA)
Source of classification or shelving scheme Dewey Decimal Classification
Koha item type Books
Holdings
Withdrawn status Lost status Source of classification or shelving scheme Damaged status Not for loan Collection code Home library Current library Date acquired Source of acquisition Total Checkouts Full call number Barcode Date last seen Price effective from Koha item type
    Dewey Decimal Classification     General Text Book Central University Of Rajasthan Central University Of Rajasthan 27/07/2012 MTH   530.15636 J79G 10586 21/11/2024 02/09/2020 Books